000
00326nam a22001457a 4500
008
221206b ||||| |||| 00| 0 eng d
020
_a
9781585038749
041
_a
eng
080
_a
004
082
_a
004 LOC
100
_a
18
101
_a
SHKP
245
_a
TUTORIAL GUIDE TO AUTOCAD 2015
_c
LOCKHART SH
942
_2
udc
_c
BK
999
_c
59110
_d
59110